| 000 | 00494nam a2200229Ia 4500 | ||
|---|---|---|---|
| 008 | 210210b xxu||||| |||| 00| 0 eng d | ||
| 041 | _aeng | ||
| 082 | _a384/19 | ||
| 100 | _aGUPTA (Das) | ||
| 245 | _aEconomic geography of India Rev Ed 9 | ||
| 250 | _a | ||
| 260 |
_aCalcutta _bA Mukherjee & Co. _c |
||
| 300 | _aii,246 | ||
| 650 | _aRev | ||
| 650 | _aIndia | ||
| 650 | _ageography | ||
| 650 | _aEd | ||
| 650 | _aEconomic | ||
| 650 | _a9 | ||
| 690 | _aEconomics | ||
| 906 | _a005415 | ||
| 999 |
_c125407 _d125407 |
||